Sur la planche 2013 (Paroles) - La Femme - Statistiques

Statistiques générales
  • Ce quiz a été pris 24 fois
  • Le résultat moyen est 248 sur 292
Statistiques - réponses
Réponse % Correct
dans
100%
Dans
100%
de
100%
des
100%
Des
100%
Je
100%
je
100%
la
100%
le
100%
sable
100%
sensations
100%
Sur
100%
sur
100%
planche
94%
recherche
94%
plage
89%
vague
89%
ressens
78%
Et
72%
et
72%
les
72%
rouleau
72%
suis
72%
ma
67%
me
67%
rouleaux
67%
à
61%
si
61%
quand
56%
Quand
56%
demain
50%
meurs
44%
pis
44%
tant
44%
tu
44%
oses
39%
pousser
39%
prends
39%
entrailles
33%
invincible
33%
pars
33%
qui
33%
t'attends
33%
m'entraîne
28%
rester
28%
Une
28%
aux
22%
celui
22%
gare
22%
m'empêcher
22%
veut
22%
surf
17%
Aucun quiz correspondant
Distribution des résultats
% des personnes avec chaque résultat
Percentile par nombre de réponses
Votre historique - résultats
Vous n’avez pas pris ce quiz